000 00523cjm a22001933a 4500
001 14516867
005 20170831103800.0
008 060824s2006 ohuppn| | eng
020 _a9781550226171
040 _cPK-LaUMT
082 _a613.7
_bPAT-L
100 _aPatchell-Evans, David
245 0 0 _aLiving the good life :
_byour guide to health and success /
_cDavid Patchell-Evans
260 _aToronto :
_bECW Press,
_c2011
300 _a239 p.
500 _aCompact disc.
500 _aBrief record.
942 _cBK
999 _c97846
_d97846